000 00441nam a2200169Ia 4500
003 OSt
005 20260306145859.0
008 211028s2009 xx 000 0 und d
040 _cAIMIT LIBRARY
041 _aeng
100 _aShetty, Shilpa; Hemalatha.
_g60471451
_93060
110 _aHemalatha.
_93061
245 _aTimesheet management system /
260 _aSuratkal
_c2009
710 _aIdaksh Technologies
_93062
942 _2ddc
_cPRO
999 _c217105
_d217105